| 000 | 00605nam a2200181 a 4500 | ||
|---|---|---|---|
| 005 | 20210219151220.0 | ||
| 008 | 991125s1964 mx 000 0 spa u | ||
| 035 | _aUPN01000029958 | ||
| 049 | _aCE | ||
| 050 | 4 |
_aN6847.5 I4 _bI4.4 |
|
| 245 | 0 | 0 |
_aImpresionistas franceses / _c[comp.] Maurice Sérullaz ; dibs. selec. por Ira Moskowitz ; tr. de Pedro Márquez Martínez. |
| 260 |
_aMéxico : _bG. Gili, _c1964. |
||
| 300 |
_a135 p. : _bprincipalmente il. |
||
| 440 | 4 | _aLos mejores dibujos del mundo | |
| 650 | 4 |
_aIMPRESIONISMO (ARTE) - _zFRANCIA |
|
| 700 | 1 |
_aSérullaz, Maurice, _ecomp. |
|
| 905 | _aLibro | ||
| 999 |
_c29958 _d29958 |
||